000 00432nam a2200145Ia 4500
005 20241008050528.0
008 240331s9999 xx 000 0 und d
082 _bGOO
_a820
100 _aGoonetileke,H.A.I
245 0 _aImages of Sri Lanka through American Eyes :
_bTravellers in Ceylon in the 19th and 20th Centuries
260 _aColombo
_bPeabody Museum
_c1789
300 _axxx, 411 p .,
650 _aShort Stories
942 _cL
999 _c5766
_d5766